Das heilige Evangelium unseres Herrn Jesu Christi nach Mattahèaus, Markus, Lukas und Johannes übersetzt und erklèart / (Record no. 33757)

MARC details
000 -LEADER
campo de control de longitud fija 00768nam a2200181 i 4500
001 - NÚMERO DE CONTROL
campo de control 33757
003 - IDENTIFICADOR DE NÚMERO DE CONTROL
campo de control ES-MaACL
005 - FECHA Y HORA DE LA ÚLTIMA TRANSACCIÓN
campo de control 20230906154820.0
007 - CAMPO FIJO DE DESCRIPCIÓN FÍSICA--INFORMACIÓN GENERAL
campo de control de longitud fija t|
008 - DATOS DE LONGITUD FIJA--INFORMACIÓN GENERAL
campo de control de longitud fija 030203s1878 gw ||||1| ger d
130 #0 - ENTRADA PRINCIPAL--TÍTULO UNIFORME
Título uniforme Biblia.
Nombre de parte o sección de la obra N.T.
-- Evangelios.
Lenguaje de la obra Alemán.
9 (RLIN) 119303
245 14 - MENCIÓN DEL TÍTULO
Título Das heilige Evangelium unseres Herrn Jesu Christi nach Mattahèaus, Markus, Lukas und Johannes übersetzt und erklèart /
Mención de responsabilidad, etc. von Johannes Theodor Laurent.
260 ## - PUBLICACIÓN, DISTRIBUCIÓN, ETC.
Lugar de publicación, distribución, etc. Freiburg im Breisgau :
Nombre del editor, distribuidor, etc. Herder'sche Verlagshandlum,
Fecha de publicación, distribución, etc. 1878.
300 ## - DESCRIPCIÓN FÍSICA
Extensión XXIX, XVII, 715 p., 1 lám. ;
Dimensiones 24 cm.
599 ## - NOTA A LAS ILUSTRACIONES
NOTA A LAS ILUSTRACIONES La h. de lám. grab. calc. que representa a la Virgen con el Niño: "Ittenbach pinxt, Kohlschein sc."
700 1# - ENTRADA AGREGADA--NOMBRE PERSONAL
Nombre de persona Laurent, Johannes Theodor.
9 (RLIN) 70632
852 ## - LOCALIZACIÓN
Ubicación ES-MaACL
Número de control de estantería C-4656
Sublocalización o colección R.24394
Holdings
Estatus retirado Estado de pérdida Estado de daño No para préstamo Colección Biblioteca de origen Biblioteca actual Ubicación en estantería Fecha de adquisición Fuente de adquisición Total de préstamos Signatura topográfica completa Código de barras Visto por última vez Precio de reemplazo Tipo de ítem Koha
        Libros del s. XIX Biblioteca del Ateneo de Madrid Biblioteca del Ateneo de Madrid Sala Palomar 17/01/2008     C-4656 1035136 23/02/2023 23/02/2023 Libro impreso antiguo